00762cam a2200229 a 4500999001500000001000500015003000900020005001700029008004100046020001500087040003800102082001900140100001800159245008300177260004300260300002400303650003500327700002300362700001800385942001200403952011700415 c6635d66353369BD-DhUAP20210105094742.0200301s1990 at abf b f000 0 eng  a0732903009 aBD-DhUAPcBD-DhUAPdBD-DhUAPbEng a808.31 SAD223 aSadler, R. K. aEnjoying stories :bbook 1 /cR. K. Sadler, T. A. S. Hayllar and C. J. Powell. aSouth Melbourne : bMacmillan,cc1990. a204 pages :c23 cm. aShort stories -- Appreciation. aHayllar, T. A. S.  aPowell, C. J. 2ddccBK 00102ddc4070aUAPCLbUAPCLcGeneral Stacksd2021-01-07o808.31 SADp3010003369r2021-01-07t1w2021-01-07yBK